000 00449nam a2200181Ia 4500
001 13805
005 20260306164828.0
008 260306t2008||||xx |||||||||||||| ||spa||
041 _aESP
082 _a005.3
_bI76
100 _aIrvine, Kip R.
_eAUT
245 0 _aLenguaje ensamblador:
_bpara computadoras basadas en intel
260 _c2008
300 _a752 páginas :
_c23 cm.
650 _aGEN
654 _aCCC
942 _cLIB
_dJUS
_fJUS
_2ddc
_n
999 _c13805
_d13805